00302nam a2200133Ia 4500003000400000005001700004008004100021020001500062040001700077100001500094245003000109260002000139260000900159OSt20240314165209.0170524s9999 xx 000 0 und d a8190804081 cIIMTU MEERUT aPal- Kumar 0aFoundations of Management bN. Delhi : Vayu c2009